|
|
|
|
| LEADER |
00000cam a2200000 7i4500 |
| 001 |
0000001172 |
| 005 |
20140117.0 |
| 020 |
0 |
0 |
|a 9838120022
|
| 090 |
0 |
0 |
|a 574.52642095953
|b CAM 1994
|
| 100 |
1 |
0 |
|a CAMPBELL
|h Elaine J. F.
|
| 245 |
1 |
2 |
|a A walk through the lowland rain forest of Sabah
|c Elaine J.F. Campbell ; with photographs by C.L. Chan ... [et al.] ; line illustrations by Jamal Hassim ; edited by K.M. Wong
|
| 260 |
0 |
0 |
|a Kota Kinabalu, Sabah :
|b Natural History Publications (Borneo) Sdn. Bhd. in association with Borneo Rainforest Lodge, Danum Valley, Lahad Datu, Sabah ,
|c 1994
|
| 300 |
|
|
|a vii, 82 p. :
|b ill. (some col.) ;
|c 23 cm.
|
| 500 |
0 |
0 |
|a Includes index
|
| 650 |
0 |
0 |
|a Rain forest ecology
|z Malaysia--Sabah
|
| 650 |
0 |
0 |
|a Rain forest ecology
|z Malaysia--Sabah
|x Pictorial works
|
| 650 |
0 |
0 |
|a Rain forests
|z Malaysia--Sabah
|
| 650 |
0 |
0 |
|a Rain forests
|z Malaysia--Sabah
|x Pictorial works
|
| 700 |
0 |
1 |
|a WONG
|h K. M. [
|q (Khoon Meng)]
|
| 998 |
|
|
|a JPSM
|
| 999 |
|
|
|a 0000002058
|b Monograph
|c Open Shelf
|e Default branch
|
| 999 |
|
|
|a 0000002059
|b Monograph
|c Open Shelf
|e Default branch
|